000 00725nam a2200205Ia 4500
003 GCL
008 140319s9999 xx 000 0 ara d
040 _aGCL /
_cGCL
082 0 4 _a327.3
_bع ق
100 1 _aعبدالرحيم ابوطالب
245 1 0 _aالقضية الفلسطينية بين البرلمان المصرى وجامعة الدول العربية /
_cعبدالرحيم ابوطالب
300 _a123 ص
490 _a
650 0 4 _aالنزاع العربى الاسرائيلى
650 0 4 _aالقضية الفلسطينية
650 0 4 _aحرب فلسطين 1948
650 0 4 _aجامعة الدول العربية
650 0 4 _aمصر - الهيئات التشريعية
942 _2ddc
_cBK
999 _c39656
_d39656